000 00690 a2200217 4500
999 _c11154
_d11154
020 _a9788131211519
050 0 0 _aRD99.G46
_bCHI 2014
245 0 0 _aMoroney's Surgery For Nurses /
_cedited by Chintami and Devi Elsa Sanatombi
250 _aseventeenth edition
264 _aNew Delhi :
_bElsevier,
_cc.2014
300 _a372 pages
_billustrations
336 _2rdacontent
_atext
_btxt
337 _2rdamedia
_aunmediated
_bn
338 _2rdacarrier
_avolume
_bnc
500 _aincludes index
650 0 _aSurgical nursing.
650 0 _aSurgery.
700 1 _aChintami
_d1926-
_eeditor
700 1 _aDevi, Elsa Sanatombi
_eeditor
942 _2lcc
_cBK
_eseventeenth edition
_h99.G46
_iCHI
_kRD